ბათუმის შოთა რუსთაველის სახელმწიფო უნივერსიტეტის ბიბლიოთეკა

ურთიერთშეცვლადობა, სტანდარტიზაცია და ტექნიკური გაზომვები : (ბიბ.ჩანაწერი № 62984)

000 -ლიდერი
ფიქსირებული სიგრძის საკონტროლო ველი 01509nam a22002537a 4500
003 - საკონტროლო ნომრის იდენტიფიკატორი
საკონტროლო ველი Ge_BSU
005 - ბოლო ოპერაციის თარიღი და დრო
საკონტროლო ველი 20250422171339.0
008 - ფიქსირებული სიგრძის მონაცემთა ელემენტები - ზოგადი ინფორმაცია
ფიქსირებული სიგრძის საკონტროლო ველი 250422s2017 ge ||||| |||| 00| 0 geo d
020 ## - წიგნის საერთაშორისო სტანდარტული ნომერი
International Standard Book Number 9789941099922
041 ## - ენის კოდი
Language code of text/sound track or separate title geo
080 ## - უნივერსალური ათობითი კლასიფიკაციის ინდექსი
Universal Decimal Classification number 006.01+303.2 + 621.317.791 მ-25
100 ## - მთავარი ჩანაწერი - პიროვნების სახელი
Personal name მამულაძე, მ.
9 (RLIN) 11556
245 ## - ცნობა სათაურის შესახებ
Title ურთიერთშეცვლადობა, სტანდარტიზაცია და ტექნიკური გაზომვები :
Remainder of title სახელმძღვანელო საინჟ. სპეციალობის ბაკალავრიატის სტუდენტებისათვის /
Statement of responsibility, etc მ. მამულაძე, მ. ლეჟავა, ფ. აბუსელიძე; რედაქტორი ი. აბაშიძე.
264 ## - წარმოების, გამოცემის, დისტრიბუციის და სხვა ცნობები
გამოცემის, წარმოების, დისტრიბუციის... ადგილი თბილისი :
გამოცემის, წარმოების, დისტრიბუციის... სახელწოდება თბილისელები პრინტი,
გამოცემის, წარმოების, დისტრიბუციის... თარიღი 2017.
300 ## - ფიზიკური აღწერა
Extent 150 გვ. :
Other physical details ნახ., ცხრ. ;
Dimensions 20 სმ.
504 ## - BIBLIOGRAPHY, ETC. NOTE
Bibliography, etc ბიბლიოგრ.: გვ. 146.
653 ## - INDEX TERM--UNCONTROLLED
Uncontrolled term სტანდარტიზაცია
653 ## - INDEX TERM--UNCONTROLLED
Uncontrolled term ურთიერთშეცვლადობა
653 ## - INDEX TERM--UNCONTROLLED
Uncontrolled term ტექნიკური გაზომვები
700 ## - ADDED ENTRY--PERSONAL NAME
Personal name ლეჟავა, მ.
Relator term ავტორი
9 (RLIN) 24899
700 ## - ADDED ENTRY--PERSONAL NAME
Personal name აბუსელიძე, ფ.
Relator term ავტორი
9 (RLIN) 24900
700 ## - ADDED ENTRY--PERSONAL NAME
Personal name აბაშიძე, ი.
Relator term რედაქტორი
9 (RLIN) 2742
942 ## - ADDED ENTRY ELEMENTS (KOHA)
Source of classification or shelving scheme
Koha item type წიგნი
ეგზემპლარები
ჩამოწერის სტატუსი დაკარგული ეგზემპლარის სტატუსი კლასიფიკაციის წყარო ან თაროზე გაწყობის სქემა დაზიანების სტატუსი არ გაიცემა მუდმივი მდებარეობა (დაცვის ადგილი) ამჟამინდელი ადგილსამყოფელი თაროზე განთავსების ადგილი შეძენის თარიღი ღირებულება, შესყიდვის ნორმალური ფასი სრული შენახვის შიფრი შტრიხკოდი ბოლო ოპერაციის თარიღი ეგზემპლარის მიმდევრობითი ნომერი (კეტერი?) ფასის ძალაში შესვლის თარიღი ეგზემპლარის სახეობა საჯარო შენიშვნა
          აგრარული და მემბრანული ტექნოლოგიების ინსტიტუტის ბიბლიოთეკა აგრარული და მემბრანული ტექნოლოგიების ინსტიტუტის ბიბლიოთეკა წიგნსაცავი 2025-04-22 8.00 006.01+303.2 + 621.317.791 მ-25 71190 2025-04-22 71190 2025-04-22 წიგნი 8 ლ.